| 000 | 00612nam a2200241 a 4500 | ||
|---|---|---|---|
| 001 | nice12345678 | ||
| 003 | IN_TiNIC | ||
| 005 | 20260116011604.0 | ||
| 008 | 050524s1931 teha grp 000 0 eng | ||
| 020 |
_a _c100 |
||
| 082 | 0 | 0 |
_a297.93 _bNSA |
| 100 | _aNational Spiritual, Assembly Of S Of Ind | ||
| 245 | _aBahai Movement. | ||
| 260 |
_aTehran _bNo Publisher _c1931 |
||
| 300 | _a49p | ||
| 500 | _aincludes index and biblioraphy | ||
| 505 | 2 | _aQuranic Science | |
| 650 | _aBahai Faith | ||
| 700 | 1 | _aNational Spiritual, Assembly Of S Of Ind | |
| 902 | _bSRS | ||
| 942 | _cBK | ||
| 999 |
_c2767 _d2767 |
||